Isurv commercial property (Record no. 102768)

MARC details
000 -LEADER
fixed length control field 02415cam a2200601 4500
008 - FIXED-LENGTH DATA ELEMENTS--GENERAL INFORMATION
fixed length control field 030414n2003 000 0 eng u
020 ## - INTERNATIONAL STANDARD BOOK NUMBER
International Standard Book Number 1842191462
035 ## - SYSTEM CONTROL NUMBER
System control number (Sirsi) u121969
041 ## - LANGUAGE CODE
Language code of text/sound track or separate title eng
050 ## - LIBRARY OF CONGRESS CALL NUMBER
Classification number 333.33
-- 18
110 ## - MAIN ENTRY--CORPORATE NAME
Corporate name or jurisdiction name as entry element Royal Institution of Chartered Surveyors
9 (RLIN) 4900
245 ## - TITLE STATEMENT
Title Isurv commercial property
Medium [multimedia]
260 ## - PUBLICATION, DISTRIBUTION, ETC.
Place of publication, distribution, etc. London
Name of publisher, distributor, etc. RICS
Date of publication, distribution, etc. 2003-
490 ## - SERIES STATEMENT
Series statement RICS Isurv.co.uk Series
505 ## - FORMATTED CONTENTS NOTE
Formatted contents note Dilapidations
505 ## - FORMATTED CONTENTS NOTE
Formatted contents note Disability discrimination
505 ## - FORMATTED CONTENTS NOTE
Formatted contents note Health and safety
505 ## - FORMATTED CONTENTS NOTE
Formatted contents note Insolvency
505 ## - FORMATTED CONTENTS NOTE
Formatted contents note Lease renewal
505 ## - FORMATTED CONTENTS NOTE
Formatted contents note Leases
505 ## - FORMATTED CONTENTS NOTE
Formatted contents note Rent review
505 ## - FORMATTED CONTENTS NOTE
Formatted contents note Service charges
505 ## - FORMATTED CONTENTS NOTE
Formatted contents note Hot topics: ODPM consultation on upward only rent reviews; October 2004 - are you ready?; commonhold - the basics
520 ## - SUMMARY, ETC.
Summary, etc. A online resource covering all aspects of managing commercial property leases. A summary is provided for each topic before the legislative framework, key cases and legal issues, standards and regulatory framework, practical matters, forms and precedents and key issues are discussed in greater detail. Includes the text of relevant publications and links to other online resources.
520 ## - SUMMARY, ETC.
Summary, etc. Subscribers to the "Isurv commercial property" can access it at www.isurvlive.co.uk using the username and password issued to you. Other RICS members may use it via the public access terminals in the RICS Library - please ask Library Staff for details
650 ## - SUBJECT ADDED ENTRY--TOPICAL TERM
Topical term or geographic name entry element BUSINESS TENANCIES
650 ## - SUBJECT ADDED ENTRY--TOPICAL TERM
Topical term or geographic name entry element BUSINESS LEASES
650 ## - SUBJECT ADDED ENTRY--TOPICAL TERM
Topical term or geographic name entry element LEASE RENEWAL
650 ## - SUBJECT ADDED ENTRY--TOPICAL TERM
Topical term or geographic name entry element COMMERCIAL LEASES
650 ## - SUBJECT ADDED ENTRY--TOPICAL TERM
Topical term or geographic name entry element RENT REVIEWS
650 ## - SUBJECT ADDED ENTRY--TOPICAL TERM
Topical term or geographic name entry element SERVICE CHARGES
650 ## - SUBJECT ADDED ENTRY--TOPICAL TERM
Topical term or geographic name entry element Dilapidations
9 (RLIN) 6235
650 ## - SUBJECT ADDED ENTRY--TOPICAL TERM
Topical term or geographic name entry element DISABILITY DISCRIMINATION
650 ## - SUBJECT ADDED ENTRY--TOPICAL TERM
Topical term or geographic name entry element HEALTH AND SAFETY
9 (RLIN) 6244
650 ## - SUBJECT ADDED ENTRY--TOPICAL TERM
Topical term or geographic name entry element Insolvency
9 (RLIN) 6247
690 ## - LOCAL SUBJECT ADDED ENTRY--TOPICAL TERM (OCLC, RLIN)
Topical term or geographic name as entry element PROPERTY MANAGEMENT-COMMERCIAL PROPERTY
700 ## - ADDED ENTRY--PERSONAL NAME
Personal name Alexander, Fiona
700 ## - ADDED ENTRY--PERSONAL NAME
Personal name Clark, Paul
700 ## - ADDED ENTRY--PERSONAL NAME
Personal name Cridge, Julian
700 ## - ADDED ENTRY--PERSONAL NAME
Personal name Dollar, Peta
700 ## - ADDED ENTRY--PERSONAL NAME
Personal name Fenn, Katherine
700 ## - ADDED ENTRY--PERSONAL NAME
Personal name Forrester, Peter
700 ## - ADDED ENTRY--PERSONAL NAME
Personal name Freedman, Philip
700 ## - ADDED ENTRY--PERSONAL NAME
Personal name Gershinson, Jon
700 ## - ADDED ENTRY--PERSONAL NAME
Personal name Holmes, Christopher
700 ## - ADDED ENTRY--PERSONAL NAME
Personal name Hunter, Jason
700 ## - ADDED ENTRY--PERSONAL NAME
Personal name Lewis, Paul
700 ## - ADDED ENTRY--PERSONAL NAME
Personal name Lloyd, Deborah
700 ## - ADDED ENTRY--PERSONAL NAME
Personal name Norman, Tim
700 ## - ADDED ENTRY--PERSONAL NAME
Personal name Woodman, John
856 ## - ELECTRONIC LOCATION AND ACCESS
Uniform Resource Identifier <a href="https://www.isurv.com">https://www.isurv.com</a>
Public note Access "Isurv commercial property" using your user name and password...
942 ## - ADDED ENTRY ELEMENTS (KOHA)
Suppress in OPAC 0
Holdings
Withdrawn status Lost status Source of classification or shelving scheme Damaged status Not for loan Home library Current library Shelving location Date acquired Total Checkouts Full call number Barcode Date last seen Copy number Price effective from Koha item type
    Dewey Decimal Classification     Virtual Virtual Online 13/02/2004   ONLINE PUBLICATION 121969-2001 06/08/2019 1 06/08/2019 Book